000 01567nam0a2200325 4500
001 RU\NLR\bibl\1079123
005 20260209163805.0
010 _a5-85618-154-9
_91000
021 _aRU
_b2007-16823
_9896
035 _a(NLR Aleph) 001066311
035 _a(nilc)RSL-KNO-003083949
090 _a970426
_c970426
100 _a20070321d2006 u y0rusy50 ca
101 0 _arus
102 _aRU
105 _ay zzzz|||||
200 1 _aСборник материалов о результатах единого государственного экзамена 2006 года
_iМатематика
_fДепартамент образования Новосибирской обл., Обл. центр мониторинга образования
_g[сост. Н. П. Юсупова и др.]
210 _aНовосибирск
_cЭкор-книга
_d2006
215 _a81, [1] с.
_cил., табл.
_d20
606 1 _aМатематика
_jСборники
_xЕдиный государственный экзамен
_yНовосибирская область
_92474451
_3RU\NLR\AUTH\661469362
686 1 _aЧ426.24-285я4
702 1 _aЮсупова
_bН. П.
_4220
712 0 2 _4570
_aНовосибирский областной центр мониторинга образования
_9696553
_3RU\NLR\AUTH\8810097745
801 0 _aRU
_bРКП
_c20070321
_grcr
801 1 _aRU
_bРГБ
_c20070321
801 2 _aRU
_bNLR
_c20070427
_grcr
942 _cBOOK
980 _aNB